[Event "Bogota rapid op"]
[Site "Bogota"]
[Date "2024.09.01"]
[Round "6"]
[White "Rodriguez Prieto, Ytzak"]
[Black "Comas Bermeo, Emilie"]
[Result "0-1"]
[WhiteElo "1712"]
[BlackElo "1465"]
[PlyCount "74"]
[EventDate "2024.09.01"]
[EventType "swiss (rapid)"]
[EventRounds "7"]
[EventCountry "COL"]
[SourceTitle "EXT 2025"]
[Source "ChessBase"]
[SourceDate "2024.10.14"]
[SourceVersion "1"]
[SourceVersionDate "2024.10.14"]
[SourceQuality "1"]

1. e4 e5 2. Nf3 Nc6 3. Bc4 Nf6 4. d3 Bc5 5. h3 0-0 6. Bg5 h6 7. Bh4 d6 8. Nc3 Be6 9. Nd5 Bxd5 10. Bxd5 Re8 11. c3 Bb6 12. a4 a5 13. b4 axb4 14. Qb3 Qe7 15. cxb4 Rab8 16. a5 Ba7 17. b5 Nd4 18. Nxd4 Bxd4 19. Rc1 c6 20. Bc4 cxb5 21. Bxb5 Rec8 22. 0-0 Rxc1 23. Rxc1 Ra8 24. Qa2 Bb6 25. Qb3 Rxa5 26. Rc8+ Kh7 27. Re8 Qc7 28. Bxf6 gxf6 29. Bc4 Kg6 30. Rg8+ Kh7 31. Bxf7 Qc1+ 32. Kh2 Qf4+ 33. Rg3 Bxf2 34. Bg6+ Kh8 35. Qc2 Qxg3+ 36. Kh1 Ra1+ 37. Qb1 Rxb1# 0-1